00737nam a22002297a 450000500170000000800410001701000130005802000250007103500130009603700150010904000180012408200060014210000190014824500790016726000300024627000790027630000370035549000240039250000420041665000310045870000180048920090904100619.0090903t xxu||||| |||| 00| 0 eng d aB-356982 a9789380032320c80.00 aB-356982 bDBAD / PUB adplbEnglish  aS aKelman, Marcy  aOscar's house of smoothies /cby Marcy Kelman; illustrated by Alan Batson  aChennai bWestland c2009 a571, Poonamallee High Road, Kamraj Bhawan, Aminijikarai bChennai e600029 aunpaged bcol. ill. c22cm(pbk)  aHandy Manny series  aBased on the episode by Fred Stoller  aChildren Stories, English  aBatson, Alan